000 00639nam a2200229Ia 4500
003 OSt
005 20220923230335.0
006 a|||||r|||| 00| 0
007 ta
008 Pun
024 _a279,613
037 _cTextual
040 _aARTS
_cARTS
_bPun
041 _2Pun
_aPun
082 _aO153,1NHU1x, M3
100 _aਹੁੰਦਲ, ਹਰਭਜਨ ਸਿੰਘ
_9156274
245 0 _aਸਖ਼ਰ ਦੀਆਂ ਪੈੜਾਂ
260 _c1983
650 _aਪੰਜਾਬੀ ਸਾਹਿਤ
942 _hO153,1NHU1x, M3
_cTEXL
_2CC
999 _c384086
_d384086